• 首页
  • 本馆介绍
  • 公告通知
  • 最新文献
  • 馆藏检索
  • 电子资源
  • 读者导购
  • 参考咨询
  • 我的图书馆
  • 登录
  • 详细信息显示
  • 放入我的书架
  • 预约/预借图书
  • 作者相关作品
  • 分类相关作品
  • 丛书相关作品
  • 出版社相关作品

书目信息

  • 表格格式
  • 工作单格式
  • 卡片格式
题名:
画禅室随笔
    
 
作者: 董其昌 撰
分册:  
出版信息: 北京   中国书店  2018
页数: 256页
开本: 27cm
丛书名: 钦定四库全书
单 册:
中图分类: I264.8 , J212
科图分类:
主题词: 随笔--中国--明代--选集 , 中国画--绘画理论--中国--明代
电子资源:
ISBN: 978-7-5149-2081-9
000 01065oam2 2200313 450
001 012001012625
005 20140106151239.0
010    @a978-7-5149-2081-9@dCNY58.00
100    @a20181129e2018 em y0chiy50 ea
101 0  @achi
102    @aCN@b110000
105    @ay z 000yy
106    @ar
200 1  @a画禅室随笔@Ahua chan shi sui bi@f(明)董其昌撰
205    @a[影印版]
210    @a北京@c中国书店@d2018
215    @a256页@d27cm
225 1  @a钦定四库全书@i子部
300    @a四库全书·杂家类
330    @a《画禅室随笔》四卷,明董其昌撰。其昌有《学科考略》,已著录。是编第一卷论书,第二卷论画,中多微理,由其昌於斯事积毕生之力为之,所解悟深也。第三卷分记游、记事、评诗、评文四子部。四卷亦分子部四,一曰杂言上,一曰杂言下,皆小品闲文。
410  0 @12001 @a钦定四库全书
462  0 @12001 @a子部
606 0  @a随笔@y中国@z明代@j选集
606 0  @a中国画@x绘画理论@y中国@z明代
690    @aI264.8@v5
690    @aJ212@v5
701  0 @c(明)@a董其昌@Adong qi chang@4撰
801  0 @aCN@b上海新华@c20191020
905    @b1179861-4@dI264.8@e3960@f4
    
    画禅室随笔/(明)董其昌撰.-[影印版].-北京:中国书店,2018
    256页;27cm.-(钦定四库全书.子部)
    四库全书·杂家类
    
    ISBN 978-7-5149-2081-9:CNY58.00
    《画禅室随笔》四卷,明董其昌撰。其昌有《学科考略》,已著录。是编第一卷论书,第二卷论画,中多微理,由其昌於斯事积毕生之力为之,所解悟深也。第三卷分记游、记事、评诗、评文四子部。四卷亦分子部四,一曰杂言上,一曰杂言下,皆小品闲文。
●
相关链接 在E读中查询图书 在五车中查询图书 在当当中查询图书 在豆瓣中查询图书


正题名:画禅室随笔     索取号:I264.8/3960         预约/预借

序号 登录号 条形码 馆藏地/架位号 状态 备注
1 1179861   211798615   第一样本阅览室/ [索取号:I264.8/3960] 在馆    
2 1179862   211798624   第二借阅区/ [索取号:I264.8/3960] 在馆    
3 1179863   211798633   第二借阅区/ [索取号:I264.8/3960] 在馆    
4 1179864   211798642   第二借阅区/ [索取号:I264.8/3960] 在馆    
唐山师范学院图书馆 欢迎您!
大连网信软件有限公司© 版权所有